000 00215nam a22000857a 4500
008 170620b xxu||||| |||| 00| 0 eng d
100 _93540
_aDua.J
245 _aBusiness Letterfor Attaning
260 _aNew Delhi
_bR.P
_c2012
999 _c6925
_d6925